[Event "5th Nebesna Sotnya Blitz 2018"]
[Site "Lutsk"]
[Date "2018.02.16"]
[Round "2"]
[White "Mirzoev, Emil"]
[Black "Palchuk, Andrii"]
[Result "0-1"]
[WhiteElo "2405"]
[BlackElo "1955"]
[Annotator "TA"]
[PlyCount "65"]
[EventDate "2018.??.??"]
[EventType "swiss"]
[EventCountry "UKR"]
[SourceTitle "playchess.com"]
[Source "ChessBase"]
[SourceQuality "1"]

{[%evp 18,65,79,37,64,-38,-28,-82,-20,-37,-11,-10,43,0,89,18,71,54,64,61,111,97,99,-3,-3,0,0,-227,-213,-204,-210,-288,-160,-210,0,0,106,18,152,70,87,39,39,33,41,33,44,47,29998,29999]} 1. e4 c5 2. Nf3 Nc6 3. d3 g6 4. g3 Bg7 5. Bg2 e6 6. O-O Nge7 7. Nbd2 O-O 8. Re1 d5 9. c3 b5 10. e5 Bb7 $146 {A08: King's Indian Attack} ({Predecessor:} 10... b4 11. Nb3 c4 12. dxc4 dxc4 13. Nbd4 Rb8 14. Bg5 Qc7 15. Nxc6 Nxc6 16. Bf6 bxc3 17. bxc3 Bb7 18. Ng5 {½-½ (32) Aronian,L (2797)-Nakamura,H (2767) Saint Louis 2014}) 11. Nf1 (11. Nb3 $14) 11... d4 $15 12. a4 (12. a3 $11 {keeps the balance.}) 12... a6 (12... dxc3 $1 $17 13. bxc3 b4) 13. cxd4 cxd4 14. h4 Qd7 (14... Qb8 $11) 15. N1h2 (15. h5 $5) 15... h5 (15... Nb4 $11) 16. Bg5 (16. g4 $1 $16) 16... Nd5 {[#]} (16... Nb4 $11 {remains equal.}) 17. g4 $1 $16 f6 18. exf6 Bxf6 19. gxh5 gxh5 20. Bh3 (20. axb5 $16 axb5 21. Rxa8 Bxa8 22. Bxf6 Rxf6 23. Ng5) 20... Rae8 $11 21. axb5 axb5 22. Qe2 $2 (22. Nf1 $11) 22... Bxg5 $19 23. Nxg5 Nf4 24. Qf1 {[#]} Qd5 (24... Nb4 $1 $19 25. Ra7 Qc6) 25. Nhf3 Nxh3+ $2 (25... Re7 $19 {Hoping for ...Rg7.} 26. Rad1 Rg7) 26. Qxh3 $11 Qf5 (26... Re7 $11) 27. Qxf5 ({White should try} 27. Qg3 $16 {Nxe6+ is the strong threat.} Qg4 28. Qxg4 hxg4 29. Nh2) 27... exf5 (27... Rxf5 $11 28. Rac1 b4) 28. Kf1 (28. Ne6 $16) 28... Nb4 $14 29. Rxe8 Rxe8 30. Nxd4 Nxd3 31. Nxf5 Nxb2 32. Ra7 Be4 $2 {[%mdl 8192]} (32... Rb8 $14) 33. Rg7+ {[%mdl 32768] Precision: White = 19%, Black = 27%. . Loss on Time!?} 0-1

[Event "5th Nebesna Sotnya Blitz 2018"]
[Site "Lutsk"]
[Date "2018.02.16"]
[Round "2"]
[White "Petrova, Irina"]
[Black "Budnikov, Oleg"]
[Result "0-1"]
[WhiteElo "2181"]
[BlackElo "2422"]
[Annotator "TA"]
[PlyCount "39"]
[EventDate "2018.??.??"]
[EventType "swiss"]
[EventCountry "UKR"]
[SourceTitle "playchess.com"]
[Source "ChessBase"]
[SourceQuality "1"]

{[%evp 9,39,37,42,33,40,35,45,22,27,20,22,18,14,9,46,52,79,65,74,58,60,30,86,32,48,44,50,0,0,-112,-87,-421]} 1. d4 d6 2. e4 Nf6 3. Nc3 c6 4. Nf3 Qc7 5. Bd3 (5. Bc4 Bg4 6. h3 Bxf3 7. Qxf3 e5 8. dxe5 dxe5 9. Bg5 Nbd7 10. O-O Be7 11. Rad1 O-O 12. Rd2 Rad8 {1-0 (47) Akselrod,V (2446)-Freile Martin,J (2329) ICC INT 2009}) 5... e5 6. h3 {B07: Pirc Defence: Miscellaneous Systems} Be7 7. O-O O-O 8. Be3 {White is slightly better.} Re8 $146 ({Predecessor:} 8... Nbd7 9. Nd2 Re8 10. f4 exd4 11. Bxd4 b5 12. a3 a6 13. g4 c5 14. Bf2 Nb6 15. g5 Nfd7 16. h4 c4 {1-0 (31) Bajramovic,B (2108)-Rubel,J (2181) Germany 2011}) 9. Ne2 Bf8 10. Ng3 Nbd7 11. Re1 h6 12. c3 Kh7 13. Qd2 g6 14. Rad1 b5 15. Bc2 a6 (15... Nb6 $11) 16. Qe2 (16. Bb3 $16) 16... Rb8 17. a4 bxa4 18. dxe5 dxe5 19. c4 (19. Bxa4 $11 {remains equal.} Nc5 20. Bxc5 Bxc5 21. Rd2) 19... Nc5 20. Bxa4 $2 {[%mdl 8192] Precision: White = 23%, Black = 38%.} (20. Bxc5 $17 {is more resistant.} Bxc5 21. Bxa4) 0-1

[Event "5th Nebesna Sotnya Blitz 2018"]
[Site "Lutsk"]
[Date "2018.02.16"]
[Round "2"]
[White "Motsar, Irina"]
[Black "Bogdanovich, Stanislav"]
[Result "1/2-1/2"]
[WhiteElo "2159"]
[BlackElo "2560"]
[Annotator "TA"]
[PlyCount "114"]
[EventDate "2018.??.??"]
[EventType "swiss"]
[EventCountry "UKR"]
[SourceTitle "playchess.com"]
[Source "ChessBase"]
[SourceQuality "1"]

{[%evp 19,114,12,18,16,14,14,18,20,28,0,13,6,21,8,11,13,18,5,8,0,2,0,0,0,0,0,0,0,0,0,0,0,8,8,8,8,10,0,67,0,0,0,0,0,0,0,0,0,0,0,0,0,0,0,0,0,0,0,0,0,0,0,0,0,0,0,0,0,0,0,0,0,0,-8,0,0,0,0,0,0,0,0,0,0,0,0,0,0,0,0,0,0,0,0,0,0,0]} 1. d4 d5 2. Nf3 Nf6 3. e3 Bf5 4. Bd3 Bxd3 5. Qxd3 c6 6. O-O e6 7. b3 Nbd7 8. Bb2 Bd6 9. Nbd2 O-O {D04: Colle System} 10. c4 Qe7 {LiveBook: 3 Games} 11. e4 dxe4 12. Nxe4 Nxe4 13. Qxe4 Nf6 (13... Ba3 14. Bc3 Bb4 15. Bb2 Ba3 16. Bc3 Bb4 {½-½ (16) Bagi,M (2368)-Csonka,B (2335) Hungary 2014}) 14. Qc2 Ba3 $146 ({Predecessor:} 14... Rfd8 15. Rad1 h6 16. Rfe1 a5 17. a4 Bb4 18. Re3 {1-0 (35) Mechlowski,L-Beijer,B ICCF email 2015}) 15. Rfe1 Rad8 16. Rad1 Bxb2 17. Qxb2 Qc7 18. Ne5 Nd7 19. Qe2 Nxe5 20. dxe5 Rxd1 21. Rxd1 $11 {[%mdl 4096] Endgame KQR-KQR} Rd8 22. g3 c5 23. f4 Kf8 24. Rd3 Ke8 25. Qd1 f5 26. exf6 Rxd3 27. Qxd3 gxf6 {KQ-KQ} 28. Kf2 f5 (28... b6 $11) 29. Qd1 (29. Qc3 $1 $14) 29... Qd7 {The position is equal.} 30. Qxd7+ Kxd7 {KP-KP} 31. Ke3 h5 32. h3 Ke7 33. Kf3 Kf6 34. g4 hxg4+ 35. hxg4 fxg4+ 36. Kxg4 Kg6 37. Kg3 Kf5 38. Kf3 e5 39. fxe5 Kxe5 {K3P-K3P} 40. Ke3 Kf5 41. Kf3 Ke5 42. Ke3 Kf5 43. Kf3 $1 a6 44. a3 a5 45. Ke3 Ke5 46. Kd3 b6 47. Ke3 Kf5 (47... a4 $5 48. bxa4 Kf5 $11) 48. Kf3 Ke5 49. Ke3 Kf5 50. Kf3 Ke5 51. Ke3 a4 52. bxa4 {K3P-KPP} Kf5 53. Kf3 Ke5 {[#] Hoping for ...Kd4.} 54. Ke3 Kf5 55. Kf3 Ke5 56. Ke3 Kf5 57. Kf3 Ke5 {Precision: White = 69%, Black = 77%.} 1/2-1/2

[Event "5th Nebesna Sotnya Blitz 2018"]
[Site "Lutsk"]
[Date "2018.02.16"]
[Round "2"]
[White "Gavrish, Leonid"]
[Black "Razin, Vadim"]
[Result "0-1"]
[WhiteElo "2110"]
[BlackElo "2379"]
[Annotator "TA"]
[PlyCount "94"]
[EventDate "2018.??.??"]
[EventType "swiss"]
[EventCountry "UKR"]
[SourceTitle "playchess.com"]
[Source "ChessBase"]
[SourceQuality "1"]

{[%evp 18,94,50,29,45,40,85,12,18,35,23,20,10,0,0,-12,0,-2,-14,-60,0,0,0,0,15,-19,26,-141,-143,-138,-143,-137,-143,-260,-263,-282,-276,-287,-261,-335,-311,-352,-333,-380,-387,-392,-364,-416,-422,-489,-482,-486,-474,-590,-587,-629,-623,-677,-675,-726,-618,-696,-706,-785,-779,-768,-718,-938,-909,-895,-763,-1112,-1053,-1433,-966,-2053,-2027,-1801,-2017]} 1. d4 d5 2. c4 Nc6 3. Nc3 e5 4. cxd5 Nxd4 5. e3 Nf5 6. Nf3 Bd6 7. e4 Nfe7 {D07: Queen's Gambit: Chigorin Defence} 8. Bb5+ Bd7 (8... Kf8 9. h4 h6 10. Nd2 Nf6 11. Be2 Bd7 12. Nc4 b5 13. Nxd6 cxd6 14. Bf3 b4 15. Ne2 {1-0 (36) Sargissian,G (2660)-Finegold,B (2497) Chicago 2009}) 9. Bxd7+ Qxd7 10. O-O {LiveBook: 3 Games} h6 11. Qb3 Rb8 12. Nb5 $146 ({White should play} 12. Be3 $16) ({Predecessor:} 12. Be3 Nc8 13. Ne1 Nge7 14. Nd3 g5 15. Nb5 {1-0 (47) Brinck Claussen,B (2380)-Rewitz,P (2200) Esbjerg 1982}) 12... Nf6 $11 13. Re1 O-O 14. Nxd6 (14. Be3 {looks sharper.} b6 15. Nd2 Bc5 16. Nc3 c6 17. Rad1) 14... cxd6 15. Bd2 Rfc8 16. Qd3 Ng6 17. Rac1 Rxc1 18. Rxc1 (18. Bxc1 {feels hotter.} Rc8 19. Bd2 Qa4 20. a3 Qc4 21. Qb1) 18... Rc8 ({Better is} 18... Qa4 $15) 19. Rxc8+ Qxc8 20. h3 Qc5 21. Ne1 a6 22. Be3 $2 {[#]} (22. g3 $11) 22... Qb4 $17 23. Nc2 Qxe4 24. Qxe4 Nxe4 {[%mdl 4096] Endgame KBN-KNN} 25. a4 (25. Ba7 $17) 25... Ne7 $19 26. f3 Nf6 27. Bd2 Nfxd5 ({Don't do} 27... Nexd5 28. Kf2 $19) 28. b4 f5 {[%cal Bf7f5,Bf5f4][%mdl 32]} 29. Kf2 Kf7 30. b5 axb5 31. axb5 Ke6 32. g4 f4 33. Ke2 {Black is clearly winning.} Nc7 34. b6 Ncd5 35. Ba5 Nc6 36. Bd2 Nxb6 37. Kd3 Nd5 38. Ke4 Nf6+ 39. Kd3 g5 40. Be1 d5 {[%cal Bd6d5,Bd5e4,Be4e3,Be3e2][%mdl 32]} 41. Bf2 e4+ 42. fxe4 dxe4+ 43. Kc4 e3 44. Be1 Ne5+ 45. Kb5 Nf3 46. Bc3 Nd5 47. Bb2 e2 {Precision: White = 15%, Black = 73%.} 0-1

[Event "5th Nebesna Sotnya Blitz 2018"]
[Site "Lutsk"]
[Date "2018.02.16"]
[Round "2"]
[White "Kurin, Aleksandr"]
[Black "Golubka, Petro"]
[Result "0-1"]
[WhiteElo "2050"]
[BlackElo "2503"]
[Annotator "TA"]
[PlyCount "56"]
[EventDate "2018.??.??"]
[EventType "swiss"]
[EventCountry "UKR"]
[SourceTitle "playchess.com"]
[Source "ChessBase"]
[SourceQuality "1"]

{[%evp 23,56,-34,20,-89,-44,-55,-76,-418,-416,-574,-595,-592,-585,-612,-602,-602,-581,-666,-657,-743,-734,-818,-743,-809,-784,-956,-952,-975,-903,-1152,-1104,-29975,-29975,-12837,-12833]} 1. e4 c5 2. Nf3 d6 3. d4 cxd4 4. Nxd4 Nf6 5. Nc3 a6 6. Bg5 e6 7. f4 h6 8. Bh4 Be7 9. Qf3 Nbd7 10. O-O-O Qc7 11. Bd3 b5 12. Rhe1 {B99: Sicilian Najdorf: 6 Bg5 e6 7 f4 Be7 8 Qf3 Qc7 9 0-0-0 Nbd7} Bb7 {LiveBook: 5 Games} (12... g5 $15 13. fxg5 Ne5) 13. Nd5 (13. Qh3 $11) (13. Qh3 Nc5 14. a3 Rd8 15. Kb1 Ba8 16. Re3 Bb7 17. Rde1 h5 18. b4 Ng4 19. Bxe7 Qxe7 20. bxc5 Nxe3 {1-0 (41) Freeman,M (2517)-Evtushenko,S (2542) ICCF email 2014}) 13... Nxd5 14. exd5 {Black is slightly better.} Bxh4 {[#]} 15. g3 $146 {[%mdl 8192]} (15. Nxe6 $1 $17 {[%mdl 512]} fxe6 16. Qh5+ Kf8 17. dxe6) ({Predecessor:} 15. Nxe6 fxe6 16. Qh5+ Kd8 17. Qxh4+ Nf6 18. dxe6 Re8 19. g4 {0-1 (37) Geller,E-Polugaevsky,L Kizlovodsk (Russia) 1972}) 15... Bf6 $19 16. Rxe6+ Kf8 17. Rxf6 Nxf6 18. Nc6 Bxc6 19. dxc6 d5 20. g4 Qxc6 21. g5 Ne4 22. h4 Re8 23. Bxe4 Rxe4 24. Qa3+ Kg8 25. Qa5 Kh7 26. Rf1 Rc8 {[%csl Gc8][%cal Rc6c2] [#]} 27. Qd2 Qc4 28. Rd1 Re2 0-1

[Event "5th Nebesna Sotnya Blitz 2018"]
[Site "Lutsk"]
[Date "2018.02.16"]
[Round "3"]
[White "Golubka, Petro"]
[Black "Yaniuk, Volodymyr"]
[Result "1/2-1/2"]
[WhiteElo "2503"]
[BlackElo "2098"]
[Annotator "TA"]
[PlyCount "64"]
[EventDate "2018.??.??"]
[EventType "swiss"]
[EventCountry "UKR"]
[SourceTitle "playchess.com"]
[Source "ChessBase"]
[SourceQuality "1"]

{[%evp 21,64,20,43,20,19,-8,18,25,22,30,26,-25,-25,-24,-16,9,70,69,49,58,68,0,7,3,3,4,28,0,0,0,45,53,83,69,73,54,54,60,166,-29,-29,-29,-29,-59,-59]} 1. e4 e5 2. Nf3 Nc6 3. Bb5 {[%cal Bf1b5,Bb5a4,Ba4b3][%mdl 32]} a6 4. Ba4 Nf6 5. O-O Be7 6. Re1 b5 7. Bb3 d6 8. c3 O-O 9. h3 Nb8 10. d3 Nbd7 11. Nbd2 Bb7 {LiveBook: 195 Games. C94: Closed Ruy Lopez: Breyer Variation with 10 d3} 12. Bc2 (12. Nf1 Re8 13. Ng3 Bf8 14. d4 h6 15. dxe5 dxe5 16. Qe2 c5 17. c4 Qb6 18. a4 b4 19. a5 Qc7 20. Ba4 {1-0 (54) Anton Guijarro,D (2651)-Mamedyarov,S (2791) Heraklio 2017}) 12... Re8 13. b4 $146 ({Predecessor:} 13. Nf1 Bf8 14. Ng3 Nc5 15. Be3 h6 16. Qe2 Ncd7 17. Rad1 d5 18. Bc1 c5 19. Nh2 {½-½ (31) Mahling,T (2558)-Marczell,P (2538) ICCF email 2013}) 13... Bf8 {The position is equal.} 14. Nb3 Rc8 15. Na5 Ba8 16. a3 (16. c4 $142) 16... d5 $11 17. exd5 Nxd5 18. c4 Nf4 ({Black should play} 18... Nc3 $11 19. Qd2 Na4) 19. Bxf4 $14 exf4 20. Rxe8 Qxe8 21. c5 (21. d4 $14) 21... Ne5 $1 $11 {[%cal Re5f3]} 22. Nxe5 Qxe5 23. d4 Qf6 24. Qd3 $36 {[%csl Gc2][%cal Rd3h7][%mdl 2048] [#] White fights for an advantage.} g6 25. Rd1 $1 Rd8 26. Bb3 $1 Qg5 {[%csl Ga8][%cal Rg5g2]} 27. d5 Bg7 28. Qe4 Qe5 29. Qf3 g5 (29... h6 $14) 30. Nc6 $2 (30. c6 $18) 30... Bxc6 $1 31. dxc6 Rxd1+ 32. Qxd1 {[#] And now Qd7 would win.} Qa1 $1 {Precision: White = 54%, Black = 52%.} 1/2-1/2

[Event "5th Nebesna Sotnya Blitz 2018"]
[Site "Lutsk"]
[Date "2018.02.16"]
[Round "3"]
[White "Budnikov, Oleg"]
[Black "Polyakov, Maxim"]
[Result "1/2-1/2"]
[WhiteElo "2422"]
[BlackElo "2402"]
[Annotator "TA"]
[PlyCount "33"]
[EventDate "2018.??.??"]
[EventType "swiss"]
[EventCountry "UKR"]
[SourceTitle "playchess.com"]
[Source "ChessBase"]
[SourceQuality "1"]

{[%evp 9,33,45,39,36,35,30,29,5,21,8,10,8,8,8,22,17,39,18,28,18,30,19,16,-5,0,2]} 1. d4 Nf6 2. c4 d6 3. Nf3 Bf5 4. Nc3 c6 5. e3 g6 6. Bd3 {A53: Old Indian Defence without Nf3} Bxd3 7. Qxd3 Bg7 8. b3 {White has an edge.} O-O 9. Bb2 Nbd7 10. O-O a6 $146 ({Predecessor:} 10... Qa5 11. h3 Rfe8 12. Rfd1 Rac8 13. d5 cxd5 14. Nxd5 Nxd5 15. Bxg7 Kxg7 16. Qxd5 Qxd5 17. Rxd5 {½-½ (73) Toma,R (2377)-Manolache,M (2495) Arad 2017}) 11. Rfd1 b5 12. h3 d5 13. cxd5 cxd5 14. Rac1 Qb6 15. Ne5 {And now Nxd7 would win.} e6 16. Nxd7 Nxd7 17. Ne2 1/2-1/2

[Event "5th Nebesna Sotnya Blitz 2018"]
[Site "Lutsk"]
[Date "2018.02.16"]
[Round "3"]
[White "Terletsky, Oleg"]
[Black "Mirzoev, Emil"]
[Result "0-1"]
[WhiteElo "2406"]
[BlackElo "2405"]
[Annotator "TA"]
[PlyCount "140"]
[EventDate "2018.??.??"]
[EventType "swiss"]
[EventCountry "UKR"]
[SourceTitle "playchess.com"]
[Source "ChessBase"]
[SourceQuality "1"]

{[%evp 24,140,39,30,45,50,51,39,51,53,58,50,57,33,90,22,40,20,11,26,28,0,0,0,0,-18,-7,-37,22,22,179,56,72,34,167,54,59,54,43,54,54,54,56,41,601,0,38,7,39,0,36,0,0,0,0,-14,38,38,39,0,39,0,101,75,75,77,69,47,100,-31,0,0,0,-568,0,-1077,14,14,14,14,11,0,0,0,0,0,0,0,0,0,0,0,0,0,0,0,0,0,0,-7,-8,-1411,0,-12842,-12843,-29994,-27,-33,-31,-35,-49,-20,-57,-94,-103,-12845,-12845,-12845,-12845]} 1. e4 c5 2. Nf3 e6 3. d4 cxd4 4. Nxd4 Nc6 5. Nc3 Qc7 6. g3 a6 7. Bg2 d6 8. O-O Be7 9. Nxc6 {B47: Sicilian: Taimanov: 5 Nc3 Qc7 6 f4, 6 g3 and 6 Be2} (9. Re1 Bd7 10. Nxc6 Bxc6 11. a4 Nf6 12. Be3 O-O 13. a5 Nd7 14. Na4 Rae8 15. Nb6 f5 16. Nxd7 Qxd7 17. Qd3 fxe4 18. Bxe4 Bxe4 19. Qxe4 d5 20. Qd3 Bf6 21. c3 Qc6 22. Re2 Rc8 23. Bd4 Bxd4 24. Qxd4 Rf6 25. Rae1 {½-½ (71) Guseinov,G (2646)-Potkin,V (2574) Riadh 2017}) 9... bxc6 10. Na4 Nf6 11. c4 O-O 12. Be3 Rb8 13. b3 {LiveBook: 3 Games} e5 14. h3 Be6 $146 ({Predecessor:} 14... Re8 15. Rc1 Nd7 16. c5 Nxc5 17. Nxc5 dxc5 18. Bxc5 Bxc5 19. Rxc5 {1-0 (63) Kekelidze,M (2491)-Kniest,O (2317) Deizisau 2001}) 15. f4 Rfd8 16. f5 Bc8 17. Qc2 h6 18. g4 Rb7 (18... Rd7 $14) 19. Qf2 (19. Rad1 $16) 19... d5 $11 20. cxd5 (20. Bb6 {with more complications.} Rxb6 21. Nxb6 dxe4 22. Rad1 Rd4 23. Nxc8 Bc5 24. b4) 20... cxd5 21. Rac1 Qb8 $1 22. exd5 Nxd5 23. Bxd5 Rxd5 24. f6 Bxf6 25. Bxh6 Rbd7 (25... Be6 $15) 26. Nb6 $40 {[%mdl 128] White is up to no good.} Bb7 $2 (26... Bh4 $1 $11 27. Rxc8+ Qxc8 28. Qxh4 Qc5+ 29. Qf2 Qxf2+ 30. Kxf2 gxh6 31. Nxd5 (31. Nxd7 Rxd7 32. Ke3 Kg7 $14) 31... Rxd5) 27. Nxd7 (27. Nxd5 $18 Bxd5 28. Rfd1) 27... Rxd7 $14 28. Be3 Qe8 (28... Qd8 $1 $14) 29. g5 (29. Qe2 $18) 29... Be7 30. Rcd1 Rxd1 31. Rxd1 Qc6 {[%csl Gb7][%cal Rc6h1] [#]} 32. Kh2 g6 33. Rc1 Qe4 $2 {[%mdl 8192]} (33... Qd5 $14) 34. Rc4 $2 ({Only move:} 34. Rc7 $18) 34... Qh1+ $11 35. Kg3 Bd6 36. Kh4 Qd1 {( -> ...e4)} (36... Bg2 $5 37. Rc8+ $8 Bf8 $11) 37. Qd2 (37. Rc1 $5 {[%cal Rc1d1]} Qd5 38. Bc5 $16) 37... Qh5+ 38. Kg3 Qf3+ 39. Kh4 Bf8 (39... Bd5 $11 40. Rg4 Be6) 40. Qf2 $14 {aiming for Qxf3.} Qd5 41. Qf6 Bg7 42. Qf2 Kh7 (42... Bf8 $11) 43. Rc5 Qe4+ 44. Kg3 Bd5 45. Rc7 Be6 (45... a5 $14) 46. Bc5 ({White should play} 46. Rc1 $16) 46... Qd3+ 47. Qe3 Qf5 48. Bb4 $2 {[%mdl 8192]} (48. Kh2 $11 {and White stays safe.}) 48... e4 $2 (48... Qxh3+ $19 49. Kf2 Qh4+ 50. Kf1 Qxb4) 49. Bc3 $2 {[%mdl 8192]} (49. Kg2 $11) 49... Bxc3 $2 (49... Qxh3+ $19 50. Kf2 Qh2+ 51. Kf1 Qxc7 52. Bxg7 Kxg7 53. Qd4+ Kh7 54. Qxe4 Qc1+ 55. Kf2 Qxg5 56. Qh1+ Kg7 57. Qa1+ Qf6+ 58. Qxf6+ Kxf6) 50. Rxc3 $11 {White wants to play Kg2.} Qxh3+ $19 {[%mdl 4096] Endgame KQR-KQB} 51. Kf2 Qh2+ 52. Ke1 Qxa2 53. Qd4 Qa1+ 54. Kd2 {Threatens to win with Rh3+!} Qb2+ 55. Ke3 Qg2 ({But not} 55... Bxb3 $2 56. Qb4 $18) 56. Qxe4 Qxg5+ 57. Kd4 Qf6+ 58. Qe5 $1 {[%cal Re5f6]} Qd8+ 59. Kc5 Qa5+ 60. Kd4 Qb4+ 61. Ke3 Bxb3 62. Rc8 $2 {[%mdl 8192]} (62. Qd4 $11 Qb7 63. Qf6) 62... Qb6+ $2 (62... Qe1+ $19 63. Kd4 Qd2+ 64. Kc5 Qc2+ 65. Kb4 Qxc8 66. Qh2+ Kg7 67. Kxb3 Qe6+ 68. Kc3 g5) 63. Kf4 $2 {[%mdl 8192]} (63. Kd2 $11 Qf2+ 64. Kc1 Qg1+ 65. Kb2 Qg2+ 66. Kc1 Qg1+ 67. Kb2 Qg2+ 68. Kc1 Qg1+) 63... Qf2+ 64. Kg5 {[#]} Qg2+ $2 (64... f6+ $1 {mates} 65. Kg4 (65. Qxf6 Qg3#) 65... fxe5 66. Rc7+ Kh6 67. Rc6 Qg2+ 68. Kh4 Qh2+ 69. Kg4 Bd1#) 65. Kf6 $11 Qf3+ 66. Ke7 {[%csl Gc8][%cal Re5h8]} Qb7+ 67. Rc7 Qb4+ 68. Kd8 Qf8+ 69. Kd7 $2 {[%mdl 8192]} (69. Qe8 $17 Qd6+ 70. Qd7 Qf8+ 71. Qe8 Qd6+ 72. Qd7 Qf8+ 73. Qe8) 69... Ba4+ $19 70. Rc6 Bxc6+ {Precision: White = 22%, Black = 32%.} 0-1

[Event "5th Nebesna Sotnya Blitz 2018"]
[Site "Lutsk"]
[Date "2018.02.16"]
[Round "3"]
[White "Nedilko, Vasily"]
[Black "Simantsev, Mikhail"]
[Result "1-0"]
[WhiteElo "2383"]
[BlackElo "2486"]
[Annotator "TA"]
[PlyCount "39"]
[EventDate "2018.??.??"]
[EventType "swiss"]
[EventCountry "UKR"]
[SourceTitle "playchess.com"]
[Source "ChessBase"]
[SourceQuality "1"]

{[%evp 25,39,27,31,41,28,7,29,28,37,30,98,88,100,115,119,92]} 1. d4 Nf6 2. c4 e6 3. Nc3 c5 4. d5 exd5 5. cxd5 d6 6. Nf3 g6 7. g3 Bg7 8. Bg2 O-O 9. O-O a6 10. a4 Re8 11. Bf4 Nh5 12. Bg5 {A62: Modern Benoni: Fianchetto Variation without early ...Nbd7} Qc7 13. Qd2 Nd7 {LiveBook: 30 Games} 14. Rfe1 {White is slightly better.} (14. Rfc1 b6 15. Rab1 Ndf6 16. Nh4 Ng4 17. h3 Ne5 18. b3 f6 19. Be3 f5 {0-1 (45) Jumabayev,R (2611)-Zhigalko,S (2671) Doha 2016}) 14... Rb8 15. Rac1 Ne5 $146 ({Find the theoretical novelty and annotate with similar games:} 15... Qb6 16. Bh6 Bh8 17. h3 Nhf6 18. Ng5 Ne5 19. Nce4 Nxe4 20. Nxe4 {1-0 (38) Matnadze,A (2447)-Danielian,E (2478) Batumi 2012}) 16. Nxe5 Bxe5 17. e4 Bg7 (17... Qb6 $11 {remains equal.}) 18. h3 $16 {White is better.} b5 19. axb5 axb5 20. b4 1-0

[Event "5th Nebesna Sotnya Blitz 2018"]
[Site "Lutsk"]
[Date "2018.02.16"]
[Round "3"]
[White "Razin, Vadim"]
[Black "Korol, Dimitry"]
[Result "1-0"]
[WhiteElo "2379"]
[BlackElo "2291"]
[Annotator "TA"]
[PlyCount "49"]
[EventDate "2018.??.??"]
[EventType "swiss"]
[EventCountry "UKR"]
[SourceTitle "playchess.com"]
[Source "ChessBase"]
[SourceQuality "1"]

{[%evp 9,49,8,6,0,41,18,41,18,28,-8,14,-5,-8,0,0,-13,10,0,2,-9,23,16,46,30,33,38,147,163,154,130,131,107,261,250,1128,1087,1175,635,29986,29987,29988,1245]} 1. d4 Nf6 2. Nf3 g6 3. Bg5 c5 (3... Bg7 4. Nbd2 d6 5. c3 O-O 6. e4 c5 7. dxc5 dxc5 8. Bc4 Nc6 9. Qe2 Qc7 10. O-O h6 11. Bxf6 Bxf6 12. Qe3 Bg7 13. Qxc5 b6 14. Qe3 Bb7 15. Rfd1 e6 16. Be2 Rfd8 17. Nf1 a6 18. h4 b5 19. N1h2 Rxd1+ 20. Rxd1 {1-0 (35) Harikrishna,P (2744)-Duda,J (2717) Riadh 2017}) 4. c3 Qb6 5. Qb3 Bg7 6. Nbd2 {A48: 1 d4 Nf6 2 Nf3 g6: Torre, London and Colle Systems} O-O $146 (6... d5 {NOTEXT} 7. e3 O-O 8. Be2 Nc6 9. O-O Bf5) ({Find the theoretical novelty and annotate with similar games:} 6... d5 7. Bxf6 Bxf6 8. dxc5 Qxc5 9. e4 e6 10. exd5 exd5 11. Qb5+ Qxb5 12. Bxb5+ Nc6 13. O-O {½-½ (31) Sorensen,H (2255)-Larsen,F (2300) Copenhagen 1991}) 7. Qxb6 axb6 8. Nc4 {White is slightly better.} Ra6 9. e3 (9. Bxf6 $5 Bxf6 10. e4 $11) 9... d6 10. Be2 Be6 11. O-O Nbd7 12. Rfd1 Ra4 13. b3 Raa8 14. a4 Rfc8 15. Rac1 Kf8 16. h3 Ne4 17. d5 Nxc3 (17... Bf5 $14) 18. Rxc3 $16 ({Resist} 18. dxe6 $6 Nxe2+ 19. Kf1 Nxc1 $14) 18... Bxc3 19. dxe6 fxe6 20. e4 e5 $2 {[#]} (20... b5 $16 {was worth a try.}) 21. Ne3 {aiming for Nd5.} e6 $2 (21... Bd4 22. Bb5 Bxe3) 22. Rxd6 $18 Rc7 23. Bb5 Nb8 24. Rd8+ Kf7 25. Nc4 {Precision: White = 28%, Black = 21%.} (25. Be8+ $142 Kf8 26. Ng4 h6 27. Bxh6+ Ke7 28. Bg5+ Kf8 29. Bxg6+ Kg7 30. Nh4 Be1 31. Bh6#) 1-0